000 00481cam a2200145 i 4500
005 20260620154722.0
020 _a9789356404229
082 _a327.549 2 DAT/B
245 0 0 _aBangladesh on a new journey :
_bmoving beyond the regional identity /
_cedited by Sreeradha Datta.
260 _a. - New Delhi
_b: Bloomsburry
_c, 2024
300 _axxiv, 293 pages
504 _aIncludes bibliographical references and index.
700 1 _aDatta, Sreeradha, Editor
_916654
942 _2ddc
_cBK
999 _c760868
_d760868